| 000 | 00486nam a2200169Ia 4500 | ||
|---|---|---|---|
| 999 |
_c9416 _d9416 |
||
| 003 | OSt | ||
| 005 | 20191230102843.0 | ||
| 008 | 190216s9999||||xx |||||||||||||| ||und|| | ||
| 040 | _coclc | ||
| 082 |
_a330.0151 _bMIT/E |
||
| 100 |
_aMithani, D M _9552 |
||
| 245 | 0 |
_aElementary Statistics For Economics / _c D M Mithani |
|
| 260 |
_bVora &company, _c1967. _aBombay: |
||
| 300 | _a439 p | ||
| 650 | _aEconomics | ||
| 942 |
_cBK _2ddc _h330.0151 _iMIT/E _k330.0151 _mMIT/E |
||